Inorganic and organometallic polymers
Spremljeno u:
| Glavni autor: | |
|---|---|
| Format: | Knjiga |
| Jezik: | engleski |
| Izdano: |
Danvers
Wiley-VCH
2001
|
| Serija: | Special Topics in Inorganic Chemistry
|
| Teme: | |
| Oznake: |
Dodaj oznaku
Bez oznaka, Budi prvi tko označuje ovaj zapis!
|
MARC
| LEADER | 00000nam a2200000 a 4500 | ||
|---|---|---|---|
| 001 | UCL0449 | ||
| 003 | CL-VaPUC | ||
| 008 | 030718e20010000US |||||||||||||||||eng|d | ||
| 020 | |a 0471241873 | ||
| 082 | 0 | 4 | |a 541.2254 |b ARC |2 21 |
| 100 | 0 | |a Archer, Ronald D |e author |9 477139 | |
| 245 | 1 | 0 | |a Inorganic and organometallic polymers |
| 300 | |a 247 p | ||
| 942 | |c BK | ||
| 945 | |d 20030718 00:00:00 |a cmena | ||
| 260 | |a Danvers |b Wiley-VCH |c 2001 | ||
| 650 | 7 | |a POLIMEROS INORGANICOS |2 CL-VaPUC |9 260153 | |
| 650 | 7 | |a POLIMEROS ORGANOMETALICOS |2 CL-VaPUC |9 477140 | |
| 583 | |a last modification |c 20030718 00:00:00 |k Rodrigo Vera | ||
| 490 | 0 | |a Special Topics in Inorganic Chemistry | |
| 999 | |c 304318 |d 304316 | ||
| 952 | |0 0 |1 0 |4 0 |6 541_225400000000000_ARC_2001 |7 0 |8 A |9 366327 |a BIBCUR |b BIBCUR |d 2019-11-21 |i 3916510 |o 541.2254 ARC 2001 |p 3916510 |r 2025-04-22 |w 2019-11-21 |y BK |k QUI | ||